Zákon o dani z pridanej hodnoty s komentárom

Úplné znenie zákona č. 334/2017 Z. z., ktorým sa mení a dpĺňa zákon č. 222/2004 Z. z. o dani z pridanej hodnoty v znení neskorších predpisov s príkladmi a komentármi.

Saved in:
Bibliographic Details
Main Author: Ondreášová, Zuzana
Format: Book Chapter
Language:Slovak
Subjects:
Tags: Add Tag
No Tags, Be the first to tag this record!

MARC

LEADER 00000naa a2200000 4500
001 0240325
005 20230117072158.8
041 0 |a slo 
044 |a SK 
245 1 0 |a Zákon o dani z pridanej hodnoty s komentárom  |c Zuzana Ondreášová 
520 |a Úplné znenie zákona č. 334/2017 Z. z., ktorým sa mení a dpĺňa zákon č. 222/2004 Z. z. o dani z pridanej hodnoty v znení neskorších predpisov s príkladmi a komentármi. 
610 2 0 |a zákony 
610 2 0 |a legislatíva 
610 2 0 |a dane z hodnoty pridanej 
610 2 0 |a povinnosť daňová 
610 2 0 |a sadzby daňové 
610 2 0 |a registrácia 
100 1 |a Ondreášová, Zuzana